Statistics for Washington State County Seats (2023)

Click here to take the quiz!

General Stats

  • This quiz has been taken 12 times
  • The average score is 26 of 39

Answer Stats

HintAnswer% Correct
Whatcom (94,662)Bellingham
100%
Snohomish (112,912)Everett
100%
Skagit (36,263)Mount Vernon
100%
Thurston (58,344)Olympia
100%
Clallam (20,236)Port Angeles
100%
Jefferson (10,460)Port Townsend
100%
King (775,523)Seattle
100%
Spokane (235,010)Spokane
100%
Pierce (225,631)Tacoma
100%
Clark (199,651)Vancouver
100%
Walla Walla (34,759)Walla Walla
100%
Chelan (36,582)Wenatchee
100%
Yakima (98,738)Yakima
100%
San Juan (2,748)Friday Harbor
86%
Okanogan (2,328)Okanogan
86%
Island (1,975)Coupeville
71%
Franklin (82,307)Pasco
71%
Kitsap (16,919)Port Orchard
71%
Ferry (968)Republic
71%
Mason (10,533)Shelton
71%
Asotin (1,189)Asotin
57%
Lewis (7,493)Chehalis
57%
Kittitas (18,813)Ellensburg
57%
Cowlitz (12,960)Kelso
57%
Grays Harbor (4,186)Montesano
57%
Whitman (2,776)Colfax
43%
Grant (8,720)Ephrata
43%
Klickitat (3,468)Goldendale
43%
Benton (6,167)Prosser
43%
Adams (1,794)Ritzville
43%
Skamania (1,500)Stevenson
43%
Douglas (1,134)Waterville
43%
Wahkiakum (569)Cathlamet
29%
Stevens (4,989)Colville
29%
Lincoln (1,694)Davenport
29%
Columbia (2,424)Dayton
29%
Pend Oreille (2,111)Newport
29%
Garfield (1,377)Pomeroy
29%
Pacific (1,779)South Bend
29%

Score Distribution

Percentile by Number Answered

Percent of People with Each Score

Your Score History

You have not taken this quiz